| 000 | 00583nam a2200181Ia 4500 | ||
|---|---|---|---|
| 008 | 090124s9999 xx 000 0 und d | ||
| 082 | _b27561 | ||
| 100 | _aदसनूरकर स्नेहलता | ||
| 245 | _a गुलाबकावली | ||
| 250 | _a0 | ||
| 260 |
_bवसंत बुक स्टॉल _c1989 |
||
| 300 | _a201 | ||
| 600 | _aदसनूरकर स्नेहलता | ||
| 630 | _a गुलाबकावली | ||
| 700 | _aदसनूरकर स्नेहलता | ||
| 730 | _a गुलाबकावली | ||
| 942 | _cBOOK | ||
| 999 |
_c95391 _d95391 |
||